000 00623nam a2200241Ia 4500
003 OSt
005 20220918194812.0
006 a|||||r|||| 00| 0
007 ta
008 220917b |||||||| |||| 00| 0 eng d
024 _a81,690
037 _cTextual
040 _aARTS
_cARTS
_beng
041 _2eng
_aeng
082 _aS:682:4:6, J6
100 _aBerry M F
_987177
245 0 _aSpeech disorders
_b principles and practices of therapy
260 _c1956
650 _aPSYCHOLOGY
700 _a Eisenson J
942 _hS:682:4:6, J6
_cTEXL
_2CC
999 _c205412
_d205412